[Event "HUN-chT Csongrad Region"]
[Site "Hungary"]
[Date "2015.11.15"]
[Round "4.1"]
[White "Miko, Valer"]
[Black "Baranyi, Erno"]
[Result "1/2-1/2"]
[WhiteElo "2078"]
[BlackElo "2113"]
[PlyCount "49"]
[EventDate "2015.09.20"]
[EventType "team-tourn"]
[EventRounds "9"]
[EventCountry "HUN"]
[SourceTitle "EXT 2017"]
[Source "ChessBase"]
[SourceDate "2016.10.25"]
[SourceVersion "1"]
[SourceVersionDate "2016.10.25"]
[SourceQuality "1"]

1. e4 c6 2. d4 d5 3. Nc3 dxe4 4. Nxe4 Bf5 5. Ng3 Bg6 6. Nf3 Nd7 7. h4 h6 8. h5 Bh7 9. Bd3 Bxd3 10. Qxd3 e6 11. Bf4 Qa5+ 12. Bd2 Qc7 13. Ne4 Ngf6 14. 0-0-0 0-0-0 15. g3 Nc5 16. Nxc5 Bxc5 17. Rh4 Bd6 18. Qb3 Rhe8 19. Qa4 Kb8 20. Re1 Ka8 21. Ne5 Nd5 22. Ba5 b6 23. Bd2 Bxe5 24. dxe5 Ne7 25. Rhe4 1/2-1/2

[Event "HUN-chT Csongrad Region"]
[Site "Hungary"]
[Date "2015.10.11"]
[Round "3.5"]
[White "Vidakovics, Istvan"]
[Black "Baranyi, Erno"]
[Result "1/2-1/2"]
[WhiteElo "1966"]
[BlackElo "2113"]
[PlyCount "26"]
[EventDate "2015.09.20"]
[EventType "team-tourn"]
[EventRounds "9"]
[EventCountry "HUN"]
[SourceTitle "EXT 2017"]
[Source "ChessBase"]
[SourceDate "2016.10.25"]
[SourceVersion "1"]
[SourceVersionDate "2016.10.25"]
[SourceQuality "1"]

1. d4 Nf6 2. c4 g6 3. Nc3 Bg7 4. Nf3 0-0 5. Bf4 d6 6. e3 c6 7. Be2 Nbd7 8. h3 Re8 9. 0-0 a6 10. a4 Qa5 11. Rb1 c5 12. Qc2 e5 13. dxe5 Nxe5 1/2-1/2

[Event "HUN-chT2 Toth 0809"]
[Site "Hungary"]
[Date "2009.02.08"]
[Round "7.5"]
[White "Baranyi, Erno"]
[Black "Csukas, Tibor"]
[Result "1-0"]
[WhiteElo "2113"]
[BlackElo "1943"]
[PlyCount "77"]
[EventDate "2008.10.26"]
[EventType "team-tourn"]
[EventRounds "11"]
[EventCountry "HUN"]
[SourceTitle "EXT 2010"]
[Source "ChessBase"]
[SourceDate "2010.11.25"]
[SourceVersion "1"]
[SourceVersionDate "2010.11.25"]
[SourceQuality "1"]
[WhiteTeam "Vasarhelyi"]
[BlackTeam "Nadudvar"]
[WhiteTeamCountry "HUN"]
[BlackTeamCountry "HUN"]

1. d4 d5 2. c4 e6 3. Nc3 Nf6 4. Bg5 Be7 5. e3 Nbd7 6. Nf3 c6 7. c5 h6 8. Bf4 a5 9. a3 b6 10. b4 bxc5 11. bxc5 Ba6 12. Bxa6 Rxa6 13. Qd3 Ra8 14. h3 0-0 15. 0-0 Nh5 16. Bh2 f5 17. Rab1 Ra7 18. Rb2 Nhf6 19. Rfb1 Qc8 20. Na4 Qa6 21. Qxa6 Rxa6 22. Rb7 Re8 23. Nb6 Nxb6 24. R1xb6 Rxb6 25. Rxb6 Rc8 26. Ne5 Bd8 27. Nxc6 Bxb6 28. Ne7+ Kf8 29. Nxc8 Bd8 30. a4 Ne8 31. f3 g5 32. Kf2 h5 33. Be5 g4 34. Na7 Ke7 35. Nc6+ Kd7 36. Nxd8 Kxd8 37. Kg3 Nc7 38. Bxc7+ Kxc7 39. Kf4 1-0

[Event "HUN-chT2 Toth 0809"]
[Site "Hungary"]
[Date "2009.01.25"]
[Round "6.4"]
[White "Baranyi, Erno"]
[Black "Kovacs, Arthur"]
[Result "1/2-1/2"]
[WhiteElo "2113"]
[BlackElo "2140"]
[PlyCount "27"]
[EventDate "2008.10.26"]
[EventType "team-tourn"]
[EventRounds "11"]
[EventCountry "HUN"]
[SourceTitle "EXT 2010"]
[Source "ChessBase"]
[SourceDate "2010.11.25"]
[SourceVersion "1"]
[SourceVersionDate "2010.11.25"]
[SourceQuality "1"]
[WhiteTeam "Vasarhelyi"]
[BlackTeam "Mako II"]
[WhiteTeamCountry "HUN"]
[BlackTeamCountry "HUN"]

1. d4 d5 2. Nf3 Nf6 3. c4 e6 4. Nc3 Be7 5. Bg5 h6 6. Bh4 0-0 7. e3 b6 8. cxd5 Nxd5 9. Bxe7 Qxe7 10. Be2 Bb7 11. 0-0 Nd7 12. Rc1 c5 13. Qc2 cxd4 14. Nxd5 1/2-1/2

[Event "HUN-chT2 Toth 0809"]
[Site "Hungary"]
[Date "2008.12.21"]
[Round "4.5"]
[White "Donko, Matyas"]
[Black "Baranyi, Erno"]
[Result "1/2-1/2"]
[WhiteElo "2010"]
[BlackElo "2113"]
[PlyCount "30"]
[EventDate "2008.10.26"]
[EventType "team-tourn"]
[EventRounds "11"]
[EventCountry "HUN"]
[SourceTitle "EXT 2010"]
[Source "ChessBase"]
[SourceDate "2010.11.25"]
[SourceVersion "1"]
[SourceVersionDate "2010.11.25"]
[SourceQuality "1"]
[WhiteTeam "Takisz"]
[BlackTeam "Vasarhelyi"]
[WhiteTeamCountry "HUN"]
[BlackTeamCountry "HUN"]

1. e4 c6 2. d4 d5 3. Nd2 dxe4 4. Nxe4 Bf5 5. Ng3 Bg6 6. Nf3 Nd7 7. h4 h6 8. h5 Bh7 9. Bd3 Bxd3 10. Qxd3 Qc7 11. Bd2 e6 12. 0-0-0 Ngf6 13. Kb1 0-0-0 14. c4 Bd6 15. Ne4 Nxe4 1/2-1/2

[Event "HUN-chT2 Toth 0708"]
[Site "Hungary"]
[Date "2008.05.18"]
[Round "11"]
[White "Varadi, Laszlo"]
[Black "Baranyi, Erno"]
[Result "1/2-1/2"]
[WhiteElo "2217"]
[BlackElo "2111"]
[PlyCount "27"]
[EventDate "2007.10.14"]
[EventType "team"]
[EventRounds "11"]
[EventCountry "HUN"]
[SourceTitle "EXT 2009"]
[Source "ChessBase"]
[SourceDate "2008.11.26"]
[SourceVersion "1"]
[SourceVersionDate "2008.11.26"]
[SourceQuality "1"]
[WhiteTeam "Gyula"]
[BlackTeam "Vasarhelyi"]
[WhiteTeamCountry "HUN"]
[BlackTeamCountry "HUN"]

1. e4 c6 2. d4 d5 3. e5 Bf5 4. Nc3 e6 5. g4 Bg6 6. Nge2 c5 7. Nf4 cxd4 8. Nxg6 hxg6 9. Nb5 Nc6 10. Nxd4 Nge7 11. Bf4 Nxd4 12. Qxd4 Nc6 13. Qd2 a6 14. c3 1/2-1/2

[Event "HUN-chT2 Toth 0708"]
[Site "Hungary"]
[Date "2008.03.30"]
[Round "9"]
[White "Baranyi, Erno"]
[Black "Erdos, Peter"]
[Result "1/2-1/2"]
[WhiteElo "2111"]
[BlackElo "2066"]
[PlyCount "35"]
[EventDate "2007.10.14"]
[EventType "team"]
[EventRounds "11"]
[EventCountry "HUN"]
[SourceTitle "EXT 2009"]
[Source "ChessBase"]
[SourceDate "2008.11.26"]
[SourceVersion "1"]
[SourceVersionDate "2008.11.26"]
[SourceQuality "1"]
[WhiteTeam "Vasarhelyi"]
[BlackTeam "Mako II"]
[WhiteTeamCountry "HUN"]
[BlackTeamCountry "HUN"]

1. d4 d5 2. Nf3 e6 3. e3 c5 4. Bd3 Nc6 5. 0-0 Nf6 6. b3 cxd4 7. exd4 Bd6 8. Bb2 0-0 9. Re1 Qc7 10. c4 b6 11. Nbd2 Nb4 12. Bf1 Bb7 13. a3 Nc6 14. Rc1 Qe7 15. b4 dxc4 16. Bxc4 Qd8 17. Ba2 Bf4 18. Rc2 1/2-1/2

[Event "HUN-chT2 Toth 0708"]
[Site "Hungary"]
[Date "2008.03.02"]
[Round "7"]
[White "Baranyi, Erno"]
[Black "Varga, Ferenc"]
[Result "1/2-1/2"]
[WhiteElo "2111"]
[BlackElo "1888"]
[PlyCount "56"]
[EventDate "2007.10.14"]
[EventType "team"]
[EventRounds "11"]
[EventCountry "HUN"]
[SourceTitle "EXT 2009"]
[Source "ChessBase"]
[SourceDate "2008.11.26"]
[SourceVersion "1"]
[SourceVersionDate "2008.11.26"]
[SourceQuality "1"]
[WhiteTeam "Vasarhelyi"]
[BlackTeam "Bajai"]
[WhiteTeamCountry "HUN"]
[BlackTeamCountry "HUN"]

1. d4 d5 2. Nf3 Nf6 3. e3 e6 4. Bd3 Bd6 5. 0-0 0-0 6. Nbd2 b6 7. b3 Nbd7 8. Bb2 Bb7 9. Ne5 Ne4 10. c4 f5 11. Nxd7 Qxd7 12. Rc1 Nxd2 13. Qxd2 f4 14. c5 fxe3 15. Qxe3 Bf4 16. Qh3 g6 17. Rce1 Rae8 18. cxb6 cxb6 19. Re2 Bc8 20. g3 Bg5 21. Rd1 Qe7 22. Qg2 Bd7 23. Rc2 Rc8 24. f4 Bf6 25. Ba6 Rxc2 26. Qxc2 Qd6 27. Bf1 Rc8 28. Qd2 Kf7 1/2-1/2

[Event "HUN-chT2 Toth 0708"]
[Site "Hungary"]
[Date "2007.10.14"]
[Round "1"]
[White "Baranyi, Erno"]
[Black "Nagy, Tibor2222"]
[Result "1-0"]
[WhiteElo "2097"]
[BlackElo "1895"]
[PlyCount "99"]
[EventDate "2007.10.14"]
[EventType "team"]
[EventRounds "11"]
[EventCountry "HUN"]
[SourceTitle "EXT 2009"]
[Source "ChessBase"]
[SourceDate "2008.11.26"]
[SourceVersion "1"]
[SourceVersionDate "2008.11.26"]
[SourceQuality "1"]
[WhiteTeam "Vasarhelyi"]
[BlackTeam "Nadudvar"]
[WhiteTeamCountry "HUN"]
[BlackTeamCountry "HUN"]

1. d4 g6 2. e4 d6 3. Nc3 Bg7 4. Be3 Nf6 5. f3 c6 6. Qd2 Nbd7 7. Bh6 Bxh6 8. Qxh6 e5 9. Nge2 Qe7 10. 0-0-0 Nb6 11. g4 Be6 12. Ng3 0-0-0 13. h4 Kb8 14. Be2 Bc4 15. Rhe1 Kc8 16. Qe3 Bxe2 17. Rxe2 h5 18. g5 Ne8 19. a4 Kb8 20. b3 Nc7 21. Red2 Ne6 22. d5 Nf4 23. a5 Nc8 24. a6 c5 25. axb7 Qxb7 26. Nge2 Nxe2+ 27. Nxe2 Rhe8 28. c4 Re7 29. Kc2 Qa6 30. Kb2 Nb6 31. Qc3 Rb7 32. Kc2 Nd7 33. Ra1 Qb6 34. Ra3 Kc7 35. Qa5 Rdb8 36. Nc3 Kd8 37. Nb5 Ke7 38. Rd3 f6 39. Nxa7 Qxa5 40. Nc6+ Kf7 41. Rxa5 Rf8 42. Ra6 Rc7 43. Kd2 fxg5 44. hxg5 Rh8 45. Ke3 h4 46. Ra1 Nb8 47. Nxb8 Rxb8 48. f4 exf4+ 49. Kxf4 Re8 50. Re3 1-0

[Event "HUN-chT2 Toth 0506"]
[Site "Hungary"]
[Date "2006.04.23"]
[Round "11"]
[White "Hajdu, Istvan"]
[Black "Baranyi, Erno"]
[Result "1/2-1/2"]
[WhiteElo "2149"]
[BlackElo "2096"]
[PlyCount "34"]
[EventDate "2005.10.16"]
[EventType "team"]
[EventRounds "11"]
[EventCountry "HUN"]
[SourceTitle "EXT 2009"]
[Source "ChessBase"]
[SourceDate "2008.11.26"]
[SourceVersion "1"]
[SourceVersionDate "2008.11.26"]
[SourceQuality "1"]
[WhiteTeam "Szentes"]
[BlackTeam "Vasarhelyi"]
[WhiteTeamCountry "HUN"]
[BlackTeamCountry "HUN"]

1. e4 c6 2. d4 d5 3. exd5 cxd5 4. Bd3 Nf6 5. c3 Bg4 6. Qb3 Qc8 7. Bf4 e6 8. Nd2 Be7 9. Ngf3 0-0 10. h3 Bh5 11. Ne5 Nc6 12. g4 Bg6 13. Nxg6 hxg6 14. 0-0 a6 15. a4 Na5 16. Qa2 Rd8 17. Rac1 Bd6 1/2-1/2

[Event "HUN-chT2 Toth 0506"]
[Site "Hungary"]
[Date "2005.12.04"]
[Round "5"]
[White "Baranyi, Erno"]
[Black "Banki H, Istvan"]
[Result "1/2-1/2"]
[WhiteElo "2096"]
[BlackElo "2184"]
[PlyCount "107"]
[EventDate "2005.10.16"]
[EventType "team"]
[EventRounds "11"]
[EventCountry "HUN"]
[SourceTitle "EXT 2009"]
[Source "ChessBase"]
[SourceDate "2008.11.26"]
[SourceVersion "1"]
[SourceVersionDate "2008.11.26"]
[SourceQuality "1"]
[WhiteTeam "Vasarhelyi"]
[BlackTeam "Oroshaza"]
[WhiteTeamCountry "HUN"]
[BlackTeamCountry "HUN"]

1. d4 Nf6 2. Nf3 d6 3. Bg5 Bg4 4. Nbd2 Nbd7 5. h3 Bh5 6. e4 e5 7. c3 Be7 8. Qb3 0-0 9. Bd3 h6 10. Bxf6 Bxf6 11. Qxb7 Rb8 12. Qxa7 Rxb2 13. 0-0 exd4 14. cxd4 c5 15. e5 dxe5 16. Bf5 Bxf3 17. Nxf3 e4 18. Nh2 Nb8 19. Rab1 Rxb1 20. Rxb1 Bxd4 21. Bxe4 Bxf2+ 22. Kxf2 Qd4+ 23. Kf1 Qxe4 24. Re1 Qd3+ 25. Kg1 c4 26. Qe3 Qxe3+ 27. Rxe3 Nc6 28. Rc3 Ne5 29. Nf3 Nxf3+ 30. gxf3 Ra8 31. a3 Ra4 32. Kf2 Kf8 33. Ke3 Ke7 34. Kd4 Kd6 35. Rxc4 Rxa3 36. Ke4 g6 37. Kf4 Rd3 38. Re4 Rd5 39. Re1 Rf5+ 40. Kg3 Re5 41. Ra1 Ke6 42. h4 Kf5 43. Ra4 h5 44. Rf4+ Ke6 45. Ra4 f6 46. Rb4 g5 47. Ra4 Rd5 48. Rb4 Kf5 49. Ra4 Rd3 50. Ra5+ Kg6 51. hxg5 fxg5 52. Ra6+ Kf5 53. Ra5+ Kf6 54. Ra6+ 1/2-1/2

[Event "HUN-chT2 Toth 0506"]
[Site "Hungary"]
[Date "2005.10.30"]
[Round "2"]
[White "Baranyi, Erno"]
[Black "Kacser, Laszlo"]
[Result "1-0"]
[WhiteElo "2096"]
[BlackElo "1995"]
[PlyCount "63"]
[EventDate "2005.10.16"]
[EventType "team"]
[EventRounds "11"]
[EventCountry "HUN"]
[SourceTitle "EXT 2009"]
[Source "ChessBase"]
[SourceDate "2008.11.26"]
[SourceVersion "1"]
[SourceVersionDate "2008.11.26"]
[SourceQuality "1"]
[WhiteTeam "Vasarhelyi"]
[BlackTeam "Bege"]
[WhiteTeamCountry "HUN"]
[BlackTeamCountry "HUN"]

1. d4 Nf6 2. Nf3 d6 3. Bg5 e6 4. Nbd2 Be7 5. e4 0-0 6. Bd3 c5 7. c3 Nbd7 8. 0-0 h6 9. Bh4 cxd4 10. cxd4 e5 11. Re1 exd4 12. Nxd4 Ne5 13. Bf1 Qb6 14. N2b3 Bg4 15. f3 Be6 16. Bf2 Bxb3 17. axb3 Qd8 18. h3 a6 19. Qd2 Nh5 20. f4 Ng6 21. g3 d5 22. e5 f5 23. Ne6 Qd7 24. Nxf8 Nxf8 25. Be2 g6 26. Rad1 Rd8 27. Bxh5 gxh5 28. Bb6 Qc6 29. Bxd8 Bc5+ 30. Kh2 d4 31. Qd3 h4 32. Rg1 1-0

[Event "HUN-chT2 Toth 0506"]
[Site "Hungary"]
[Date "2005.10.16"]
[Round "1"]
[White "Bartos, Tamas"]
[Black "Baranyi, Erno"]
[Result "1/2-1/2"]
[WhiteElo "2075"]
[BlackElo "2096"]
[PlyCount "68"]
[EventDate "2005.10.16"]
[EventType "team"]
[EventRounds "11"]
[EventCountry "HUN"]
[SourceTitle "EXT 2009"]
[Source "ChessBase"]
[SourceDate "2008.11.26"]
[SourceVersion "1"]
[SourceVersionDate "2008.11.26"]
[SourceQuality "1"]
[WhiteTeam "Maroczy"]
[BlackTeam "Vasarhelyi"]
[WhiteTeamCountry "HUN"]
[BlackTeamCountry "HUN"]

1. d4 g6 2. c4 Bg7 3. Nc3 Nf6 4. e4 d6 5. f3 0-0 6. Bg5 h6 7. Be3 c6 8. Nge2 a6 9. a4 Nbd7 10. Ng3 e5 11. d5 Ne8 12. Bd3 Nc5 13. Bc2 a5 14. dxc6 Ne6 15. cxb7 Bxb7 16. 0-0 h5 17. Nd5 h4 18. Ne2 f5 19. Bf2 h3 20. g3 Bh6 21. Nec3 N8g7 22. Bb6 Qd7 23. Qd3 Rf7 24. Rad1 Raf8 25. c5 Nd4 26. cxd6 fxe4 27. fxe4 Nf3+ 28. Kh1 Nh5 29. Bb3 Kh7 30. Ne7 Rf6 31. Ncd5 R6f7 32. Rf2 Qg4 33. Rdf1 Bg5 34. Bd1 Nxg3+ 1/2-1/2

[Event "HUN-chT2 Maroczy 0405"]
[Site "Hungary"]
[Date "2005.04.10"]
[Round "10"]
[White "Hugyecz, Andras"]
[Black "Baranyi, Erno"]
[Result "1/2-1/2"]
[WhiteElo "2148"]
[BlackElo "2100"]
[PlyCount "67"]
[EventDate "2004.09.26"]
[EventType "team"]
[EventRounds "11"]
[EventCountry "HUN"]
[SourceTitle "EXT 2008"]
[Source "ChessBase"]
[SourceDate "2007.11.25"]
[SourceVersion "1"]
[SourceVersionDate "2007.11.25"]
[SourceQuality "1"]
[WhiteTeam "BEAC II"]
[BlackTeam "Hodmezovasarhely"]
[WhiteTeamCountry "HUN"]
[BlackTeamCountry "HUN"]

1. e4 c6 2. d4 d5 3. Nc3 dxe4 4. Nxe4 Bf5 5. Ng3 Bg6 6. h4 h6 7. Nf3 Nd7 8. h5 Bh7 9. Bd3 Bxd3 10. Qxd3 Qc7 11. Ne2 e6 12. c4 Ngf6 13. Bf4 Bd6 14. Bxd6 Qxd6 15. 0-0-0 0-0-0 16. Nc3 Rhe8 17. g3 e5 18. Qf5 Qe6 19. Qxe6 Rxe6 20. d5 Ree8 21. dxc6 bxc6 22. Nh4 Nc5 23. Nf5 Nd3+ 24. Kc2 Nxf2 25. Rxd8+ Rxd8 26. Rf1 N2g4 27. Kb3 Nxh5 28. Ne7+ Kd7 29. Rxf7 Ke8 30. Nxc6 Rc8 31. Nxe5 Nxe5 32. Rf5 Nxc4 33. Rxh5 Kf7 34. Rd5 1/2-1/2

[Event "HUN-chT2 Maroczy 0405"]
[Site "Hungary"]
[Date "2005.03.06"]
[Round "9"]
[White "Galko, Tibor"]
[Black "Baranyi, Erno"]
[Result "0-1"]
[WhiteElo "2072"]
[BlackElo "2100"]
[PlyCount "104"]
[EventDate "2004.09.26"]
[EventType "team"]
[EventRounds "11"]
[EventCountry "HUN"]
[SourceTitle "EXT 2008"]
[Source "ChessBase"]
[SourceDate "2007.11.25"]
[SourceVersion "1"]
[SourceVersionDate "2007.11.25"]
[SourceQuality "1"]
[WhiteTeam "Edeleny"]
[BlackTeam "Hodmezovasarhely"]
[WhiteTeamCountry "HUN"]
[BlackTeamCountry "HUN"]

1. e4 c6 2. d4 d5 3. exd5 cxd5 4. Bd3 Nf6 5. c3 Bg4 6. Qb3 Qc8 7. Bb5+ Bd7 8. Bg5 Bxb5 9. Qxb5+ Qc6 10. Qxc6+ bxc6 11. Nd2 e6 12. Be3 Bd6 13. h3 Nbd7 14. f4 0-0 15. Ngf3 Rfb8 16. b3 c5 17. 0-0 a5 18. Ne5 Rc8 19. Nxd7 Nxd7 20. g3 cxd4 21. Bxd4 f6 22. Rac1 e5 23. Be3 Ba3 24. Rc2 d4 25. Nc4 Rxc4 26. bxc4 dxe3 27. Rd1 Ra7 28. Rb1 Kf7 29. Kf1 Ke6 30. Ke2 Bc5 31. Rb5 Kd6 32. Rc1 Kc6 33. Rd1 Nb6 34. a4 Nxa4 35. Rb3 Nb6 36. Rd8 a4 37. Rb1 a3 38. h4 Rc7 39. Kd3 exf4 40. gxf4 Re7 41. Ke2 Nxc4 42. Rc8+ Kd6 43. Rd1+ Nd2 44. Ra8 Ke6 45. Ra5 Rc7 46. Ra1 Rc6 47. Rxc5 Rxc5 48. Kxe3 Nc4+ 49. Kd4 Rc7 50. Ra2 Kf5 51. Rf2 Nb2 52. Rf1 Rd7+ 0-1

[Event "HUN-chT2 Maroczy 0405"]
[Site "Hungary"]
[Date "2005.02.06"]
[Round "7"]
[White "Balogh, Laszlo"]
[Black "Baranyi, Erno"]
[Result "1/2-1/2"]
[WhiteElo "2131"]
[BlackElo "2100"]
[PlyCount "121"]
[EventDate "2004.09.26"]
[EventType "team"]
[EventRounds "11"]
[EventCountry "HUN"]
[SourceTitle "EXT 2008"]
[Source "ChessBase"]
[SourceDate "2007.11.25"]
[SourceVersion "1"]
[SourceVersionDate "2007.11.25"]
[SourceQuality "1"]
[WhiteTeam "Sarospatak"]
[BlackTeam "Hodmezovasarhely"]
[WhiteTeamCountry "HUN"]
[BlackTeamCountry "HUN"]

1. d4 Nf6 2. Nf3 g6 3. c4 Bg7 4. Nc3 0-0 5. e4 d6 6. Be2 e5 7. 0-0 Nc6 8. d5 Ne7 9. Bg5 h6 10. Bxf6 Bxf6 11. b4 a6 12. c5 c6 13. Rc1 Bg4 14. Qb3 cxd5 15. exd5 Nf5 16. Qc4 Bxf3 17. Bxf3 Nd4 18. Bg4 Bg5 19. f4 Be7 20. fxe5 dxe5 21. d6 Bg5 22. Rcd1 Kg7 23. Ne2 f5 24. Nxd4 Be3+ 25. Kh1 Bxd4 26. Bf3 Qd7 27. Rfe1 Rfe8 28. Rb1 Rec8 29. Qd5 Rab8 30. Rec1 Kf6 31. Be2 h5 32. Bxa6 bxa6 33. c6 Qe6 34. Qxe6+ Kxe6 35. d7 Rc7 36. a4 Kd6 37. b5 axb5 38. axb5 Bb6 39. Rd1+ Bd4 40. Rb3 Ke7 41. Rc1 Kd6 42. Rg3 Kd5 43. Rxg6 Rd8 44. Rg7 h4 45. Re7 f4 46. Rd1 h3 47. Re8 Rdxd7 48. cxd7 Rxd7 49. Rf8 Ke4 50. Rf1 Rb7 51. Rb1 Rg7 52. g3 f3 53. b6 Rb7 54. Rf6 f2 55. g4 Ke3 56. g5 e4 57. Rf5 Rxb6 58. Rxb6 Bxb6 59. g6 Bd4 60. Rxf2 Kxf2 61. g7 1/2-1/2

[Event "HUN-chT2 Maroczy 0304"]
[Site "Hungary"]
[Date "2003.10.05"]
[Round "2"]
[White "Baranyi, Erno"]
[Black "Teglas, Balazs"]
[Result "1-0"]
[WhiteElo "2085"]
[BlackElo "2003"]
[PlyCount "126"]
[EventDate "2003.09.28"]
[EventType "team"]
[EventRounds "11"]
[EventCountry "HUN"]
[SourceTitle "EXT 2005"]
[Source "ChessBase"]
[SourceDate "2004.11.15"]
[SourceVersion "1"]
[SourceVersionDate "2004.11.15"]
[SourceQuality "1"]

1. d4 Nf6 2. Nf3 e6 3. e3 d5 4. Bd3 Nbd7 5. Nbd2 c5 6. b3 b6 7. 0-0 Bb7 8. Bb2 Be7 9. Ne5 0-0 10. f4 Ne4 11. c4 Nxd2 12. Qxd2 Nxe5 13. dxe5 dxc4 14. bxc4 Be4 15. Rad1 Bxd3 16. Qxd3 Qxd3 17. Rxd3 Rfd8 18. Ra3 a6 19. Rb3 b5 20. cxb5 c4 21. Rc3 axb5 22. a3 Rac8 23. Rfc1 Rd2 24. R3c2 Rxc2 25. Rxc2 Rd8 26. Kf2 Rd3 27. a4 bxa4 28. Bd4 a3 29. Rxc4 Rd2+ 30. Ke1 Rxg2 31. Rc8+ Bf8 32. Bc5 h5 33. Rxf8+ Kh7 34. Bxa3 Rxh2 35. Rxf7 Kg6 36. Rd7 Ra2 37. Bf8 Kf5 38. Bxg7 h4 39. Rd2 Ra1+ 40. Kf2 Kg4 41. Kg2 h3+ 42. Kh2 Re1 43. Bh6 Rxe3 44. f5 Rxe5 45. f6 Rf5 46. Rd4+ Kh5 47. Bg7 Kg6 48. Kxh3 e5 49. Rd7 Rf4 50. Kg3 Rf1 51. Re7 Rf5 52. Ra7 Rf1 53. Rb7 Rf4 54. Rb5 Rf5 55. Rc5 Kh5 56. Rc4 Kg6 57. Kg4 Rf1 58. Re4 Rf5 59. Re3 Rh5 60. Kf3 Kf7 61. Kg4 Kg6 62. Rh3 Rg5+ 63. Kf3 Kf7 1-0

[Event "Eger Agria op"]
[Site "Eger"]
[Date "1998.??.??"]
[Round "8"]
[White "Villard, Patrick"]
[Black "Baranyi, Erno"]
[Result "1/2-1/2"]
[WhiteElo "2105"]
[BlackElo "2065"]
[PlyCount "102"]
[EventDate "1998.07.??"]
[EventType "swiss"]
[EventRounds "9"]
[EventCountry "HUN"]
[SourceTitle "EXT 2000"]
[Source "ChessBase"]
[SourceDate "1999.11.16"]
[SourceVersion "1"]
[SourceVersionDate "1999.11.16"]
[SourceQuality "1"]

1. e4 c6 2. d4 d5 3. exd5 cxd5 4. c4 Nf6 5. Nc3 e6 6. Nf3 Be7 7. c5 0-0 8. Bd3 b6 9. b4 a5 10. Na4 Nbd7 11. c6 Bxb4+ 12. Bd2 Bxd2+ 13. Qxd2 Nb8 14. Rc1 Qc7 15. Ne5 Na6 16. a3 Rb8 17. Qe2 Qa7 18. Nc3 Nc7 19. Nb5 Nxb5 20. Bxb5 Qc7 21. 0-0 Rd8 22. Rc2 Ne4 23. Rfc1 Nd6 24. Bd3 f6 25. Qh5 f5 26. a4 Rf8 27. Rc3 b5 28. axb5 Nxb5 29. Bxb5 Rxb5 30. Rh3 h6 31. Rg3 Rf6 32. h3 Rb4 33. Rgc3 Rxd4 34. Nd7 Bxd7 35. cxd7 Qxd7 36. Rc7 Qd6 37. Rb7 Rc4 38. Rcb1 Rf8 39. Ra7 Rcc8 40. Qg6 Rc7 41. Rxc7 Qxc7 42. Qxe6+ Qf7 43. Qa6 f4 44. Rb7 Qf5 45. Qxa5 f3 46. Qc3 Qf6 47. Qxf6 Rxf6 48. Rd7 fxg2 49. Rxd5 Rg6 50. Rd3 Kf7 51. Rg3 Kf6 1/2-1/2